000 01964nam a22002297a 4500
001 6596
003 FISKH
005 20250528092031.0
008 250513b cb ||||| |||| 00| 0 eng d
040 _aFISKH
_bkhr
_cFISKH
_dFISKH
082 _a808.882
100 _aBunchheurn, Kong
245 _aរឿង កំប្លែងខ្លី ៗ :
_bកំសាន្តអារម្មណ៏ /
_cគង្គ ប៊ុនឈឿន
260 _aភ្នំពេញ :
_bបណ្ណាល័យ ឆពណ្ណរង្សី ,
_c២០០៦ .
300 _a111 pages :
_billustrations ;
_c21 pages .
520 _a«រឿងកំប្លែងខ្លីៗ» គឺជារឿងខ្លីផ្ដោតលើកំប្លែង ដែលត្រូវបានសរសេរដោយសិល្បករ និងអ្នកនិពន្ធឈានមុខគេរបស់ខ្មែរ គឺលោក គង្គ ប៊ុនឈឿន។ សៀវភៅនេះត្រូវបានបោះពុម្ពផ្សាយក្នុងឆ្នាំ ២០០៤ ដោយបណ្ណាល័យ ជាង ផុន នៅរាជធានីភ្នំពេញ។ វាបង្ហាញពីខួរក្បាល និងការយល់ដឹងជ្រៅជាពិសេសរបស់អ្នកនិពន្ធចំពោះសង្គមកម្ពុជាតាមរយៈការបញ្ចេញកំប្លែង និងសាច់បួសតន់ចិត្ត។
520 _aShort Comedies" is a collection of humorous short stories written by the renowned Khmer author Kong Bun Chheoun. Published in 2004 by Chheang Phon Library in Phnom Penh, this book showcases the author's wit and deep understanding of Cambodian society through satire and comedy.
650 _vកំប្លែងខ្លីៗ
650 _vShort comedy
942 _2ddc
_cKHB
_n0
999 _c6596
_d6596